000 00708nam a2200205 4500
001 132958
003 ES-MaACL
005 20250808081323.0
007 t|
008 070214s1952 sp r ||||1| spa d
100 1 _aRoyo Villanova, Antonio,
_d1869-1958
_9100235
245 1 0 _aElementos de Derecho Administrativo /
_cpor Antonio Royo Villanova.
250 _a23ª ed., corr. y aum.
_bpor Segismundo Royo-Villanova.
260 _aValladolid :
_b[s. n.],
_c1952 (
_fImp. Castellana)
300 _a2 v. ;
_c22 cm.
650 7 _aDerecho administrativo-
_zEspaña
_2
_9145992
700 1 _aRoyo Villanova, Segismundo.
_9100238
852 _aES-MaACL
_jE-2357-58
_bR.36953
999 _c132958
_d132958